Normal view
MARC view
- Berger-Schunn, Anni
Entry Personal Name
001 - CONTROL NUMBER
- control field: 78337
003 - CONTROL NUMBER IDENTIFIER
- control field: NUST
005 - DATE AND TIME OF LATEST TRANSACTION
- control field: 20210628210146.0
008 - FIXED-LENGTH DATA ELEMENTS
- fixed length control field: 210628|| aca||aabn | a|a d
040 ## - CATALOGING SOURCE
- Original cataloging agency: NUST
- Transcribing agency: NUST
100 ## - HEADING--PERSONAL NAME
- Personal name: Berger-Schunn, Anni
670 ## - SOURCE DATA FOUND
- Source citation: Work cat.: (NUST): Berger-Schunn, Anni, Practical color measurement a primer for the beginner.a reminder for the expert, 1994
